000 00752nam a2200205Ia 4500
001 3146
003 GE_BSU
008 181216s||||||||xx |||||||||||||| ||und||
040 _cGE_BSU
080 _a621.91(075.8)
245 _aРуководство по курсовому проектированию металлорежущих инструментов.
245 _bУчебник для вузов.
245 _cПод Общ. ред. Г.Н.Кирсанова.
260 _aМ.
260 _bМашиностроение.
260 _c1986.
300 _a288 стр. с илл.
653 _aРуководство по курсовому проектированию металлорежущих инструментов.
942 _cBK
999 _c37190
_d37190